| 000 | 00627nam a22001935i 4500 | ||
|---|---|---|---|
| 001 | 160926 | ||
| 003 | ES-MaACL | ||
| 005 | 20230906212146.0 | ||
| 008 | 041005s1876 gw |||| | eng d | ||
| 040 |
_aCAM _bspa _cCAM |
||
| 100 | 1 |
_aOliphant, Margaret. _9130611 |
|
| 245 | 1 | 4 |
_aThe curate in charge / _cby Mrs. Oliphant. |
| 260 |
_aLeipzig : _bBernhard Tauchnitz, _c1876. |
||
| 300 |
_a311 p. ; _c16 cm. |
||
| 490 | 1 |
_aCollection of british authors ; _v1561 |
|
| 830 | 0 |
_aCollection of british authors ; _v1561 _9180703 |
|
| 852 |
_aES-MaACL _jG-12387 _z-- Enc. hol., conservando la cub. original |
||
| 999 |
_c160926 _d160926 |
||